Представление документа в формате MARC21

Поле Инд. ПП Название Значение
Тип записи a
Библиографический уровень b
001 Контрольный номер a79cba16db304161afda8b34c6213e77
005 Дата корректировки 20200630095712.8
008 Кодируемые данные 20170331
040 b Код языка каталог. rus
e Правила каталог. PSBO
041 0_ a Код языка текста rus
084 a Индекс другой классификации/Индекс ББК 67.408.122(2Рос)
100 1_ a Автор Коренная А. А.
245 10 a Заглавие Принцип экономии уголовно-правового воздействия как концептуальная основа формирования системы ответственности за преступления в сфере экономической деятельности
520 0_ a Аннотация В статье рассмотрены вопросы формирования системы уголовной ответственности за преступления в сфере экономической деятельности на основе применения специфических принципов, являющихся общими как для уголовного права, так и для уголовной политики. Автор предлагает в качестве системообразующего использовать принцип экономии уголовно-правового воздействия в широком понимании. Применение указанного принципа позволит решить несколько самостоятельных правоприменительных задач как Общей, так и Особенной частей Уголовного кодекса РФ: в части криминализации деяний, пенализации, установления оснований и правил освобождения от уголовной ответственности за преступления в сфере экономической деятельности
650 14 a Основная рубрика право; уголовное право
653 0_ a Ключевые слова преступления в сфере экономической деятельности
a Ключевые слова принципы уголовного права
a Ключевые слова реформирование уголовного закона
a Ключевые слова Россия
a Ключевые слова уголовная ответственность
a Ключевые слова уголовная политика
a Ключевые слова уголовная репрессия
a Ключевые слова уголовно-правовое воздействие
a Ключевые слова уголовные преступления
a Ключевые слова Уголовный кодекс РФ
a Ключевые слова экономические преступления
773 08 t Заглавие источника Российская юстиция
d Дата издания источника 2020
g Прочая информация № 4. - С. 23 - 25
w Контрольный № источника d9163a71ea1647108cab3fccfb4b3d86
901 t Тип документа b